000 00617nam a22001937a 4500
005 20180704132900.0
010 _aB-216519
020 _a9788131301333
_c695.00
035 _aB-216519
037 _bA P H Publication Corporation
082 _a372.86
100 _aSingh, Yogesh Kumar
245 _aTeaching practice: lession planning
_cYogesh Kumar Singh
260 _aNew Delhi
_bA P H Publication Corporation
_c2007
270 _a4435-36/7, Ansari Road, Daryaganj, New Delhi-110002
_bNew Delhi
_e110002
300 _a312p.
_c22cm(hb)
942 _2ddc
_cEN
_h372.86
_mYOG
999 _c153356
_d153356